Online Catalogue and eLibrary

Between Feminism and Psychoanalysis (Record no. 1626)

MARC details
000 -LEADER
fixed length control field 00434nam a2200169Ia 4500
005 - DATE AND TIME OF LATEST TRANSACTION
control field 20250120045448.0
008 - FIXED-LENGTH DATA ELEMENTS--GENERAL INFORMATION
fixed length control field 240331s9999 xx 000 0 und d
020 ## - INTERNATIONAL STANDARD BOOK NUMBER
ISBN 0415014905
082 ## - DDC Classification
Item Number - Author Mark BRE
DDC Edition Number 3605
Class No. 305.4
245 #0 - TITLE STATEMENT
Title Between Feminism and Psychoanalysis
260 ## - PUBLICATION, DISTRIBUTION, ETC.
Place of publication, distribution, etc. London
-- New York
Name of publisher, distributor, etc. Routledge
Date of publication, distribution, etc. 1989
300 ## - PHYSICAL DESCRIPTION
Extent (e.g. Volumes, Pages etc.) viii, 271 p.,
650 ## - SUBJECT ADDED ENTRY--TOPICAL TERM
Topical term or geographic name entry element Feminism
650 ## - SUBJECT ADDED ENTRY--TOPICAL TERM
Topical term or geographic name entry element Psychoanalysis
700 ## - ADDED ENTRY--PERSONAL NAME
Personal name Brennan, T
Relator term (Role) Editor
942 ## - Koha item type (Biblio)
Koha item type Books in Stacks (Lending)
Holdings
Lost status Damaged status Collection code Home library Current library Shelving location Date acquired Full call number Accession Number Item type
    Lending WERC Library WERC Library Social Science Cupboard 03/31/2024 305.4 BET 3605 Books in Stacks (Lending)

© WERC Library